000
00201nam a2200085Ia 4500
008
170620s9999 xx 000 0 und d
100
_a
Kapoor - S.K.
245
0
_a
Specific relief Act
260
_b
Central Law Agency
260
_c
1999
999
_c
28577
_d
28577